| 000 | 00620nam a22002417a 4500 | ||
|---|---|---|---|
| 003 | OSt | ||
| 005 | 20241115111147.0 | ||
| 008 | 241115b |||||||| |||| 00| 0 eng d | ||
| 020 | _a9788119014668 | ||
| 040 | _cSTCPL | ||
| 041 | _aHIN | ||
| 082 |
_aH803 _bNID-R |
||
| 100 |
_aFazli, Nida _qनिदा फाजली |
||
| 245 |
_aRanushni Ke Phool / _cby Nida Fazli _hरानुष्नी के फूल |
||
| 260 |
_aDelhi : _bVani Prakashan , _c2023 . |
||
| 300 |
_a176 p. _bHB |
||
| 650 | _aHindi | ||
| 650 | _aLiterature | ||
| 650 | _aMemoirs | ||
| 650 | _aEssay | ||
| 942 | _cBK | ||
| 942 |
_2ddc _n0 |
||
| 999 |
_c83688 _d83688 |
||